Under pressure (Record no. 83167)

MARC details
000 -LEADER
fixed length control field 01012cab a22001935a 4500
001 - CONTROL NUMBER
control field L153039
008 - FIXED-LENGTH DATA ELEMENTS--GENERAL INFORMATION
fixed length control field 110525e20110514xxk 000 0 eng d
035 ## - SYSTEM CONTROL NUMBER
System control number (Sirsi) u153039
041 0# - LANGUAGE CODE
Language code of text/sound track or separate title eng
100 1# - MAIN ENTRY--PERSONAL NAME
Personal name Taylor, Peter
245 00 - TITLE STATEMENT
Title Under pressure
260 ## - PUBLICATION, DISTRIBUTION, ETC.
Date of publication, distribution, etc. 2011
490 ## - SERIES STATEMENT
Series statement Estates Gazette
Volume/sequential designation (1119) 14 May 2011, 88-90(3)
520 ## - SUMMARY, ETC.
Summary, etc. Progress on the governments decision to abolish regional spatial strategies (RSS). Their eventual disappearance may create a planning vacuum and discusses whether the governments idea of urging local authorities and organisation to co-operate and have regard to a new statutory 'duty to co-operate' will help the situation here. Note that many commentators have expressed serious reservations regarding the effectiveness of this propopsed duty in providing a viable means of securing robust strategic planning.
590 ## - LOCAL NOTE (RLIN)
Local note KA
651 #4 - SUBJECT ADDED ENTRY--GEOGRAPHIC NAME
Geographic name England
Chronological subdivision 886-
690 ## - LOCAL SUBJECT ADDED ENTRY--TOPICAL TERM (OCLC, RLIN)
Topical term or geographic name as entry element ENVIRONMENTAL AND LAND CONSULTANCY-PLANNING AND DEVELOPMENT-PLANNING GUIDANCE
942 ## - ADDED ENTRY ELEMENTS (KOHA)
Suppress in OPAC 0
Holdings
Withdrawn status Lost status Source of classification or shelving scheme Damaged status Not for loan Home library Current library Shelving location Date acquired Total Checkouts Full call number Barcode Date last seen Copy number Price effective from Koha item type
    Dewey Decimal Classification     London London Journal article 25/05/2011   L153039 153039-1001 06/08/2019 1 06/08/2019 Journal article